| 000 | 02487nam a2200493 a 4500 | ||
|---|---|---|---|
| 005 | 20240412132653.0 | ||
| 008 | 100708t2004||||ag f |||| 001 0 spa d | ||
| 020 | _a9507864024 | ||
| 041 | _aspa | ||
| 092 |
_c174 _l7 _sBIO |
||
| 245 |
_aBioética y humanidades médicas / _cDietrich Von Engelhardt |
||
| 250 | _a1a ed. | ||
| 260 |
_aBuenos Aires: _bBiblos; _c2004. |
||
| 300 | _a231 p. | ||
| 500 | _aVon Engelhardt, D. et al. (2004). Bioética y humanidades médicas. (1a ed.). Buenos Aires : Biblos. | ||
| 590 | _aDonación Dora Vera, febrero 2017 | ||
| 653 | _aEtica medica: estructura, desarrollo y difusion | ||
| 653 | _aMedico y paciente entre la ciencia y la humanidad en Karl Jaspers | ||
| 653 | _aMedicina y la interdisciplinariedad: perspectiva historica | ||
| 653 | _aMedicina y filosofia, recapitulacion historica y algunas reflexiones sobre la pediatria | ||
| 653 | _aEnseñanza universitaria de la bioetica: la experiencia en la Facultad de Medicina de la Universidad de Buenos Aires | ||
| 653 | _aPrincipio de la subjetividad en la antropologia del siglo XX | ||
| 653 | 3 | _aEl medico y la cultura | |
| 653 | _aIntegracion de perspectivas metodologicas en praxis terapeuticas | ||
| 653 | 3 | _aUn atisbo antropologico en el sur Argentino | |
| 653 | _aBioetica personalista desde una perspectiva latinoamericana | ||
| 653 | _aIntensionalidad fenomenologica como fundamento del dialogo entre culturas y las ciencias del hombre | ||
| 653 | _aFides et ratio: la relacion entre la fe y la razon. Encuentros, desencuentros y dialogo cultural | ||
| 653 | _aEstructura dialectica de la integracion interdisciplinaria | ||
| 653 | _aFilosofia y praxis psiquiatrica | ||
| 653 | _aAlcances del principio de autonomia en medicina | ||
| 653 | _aEtica en investigacion genetica | ||
| 653 | 3 | _aLa verdad junto al lecho del enfermo en un panorama historico | |
| 653 | 3 | _aEl sufrimiento a lo largo de los siglos | |
| 653 | _aMinucias de la agonia en la muerte Ivan Ilich | ||
| 653 | 3 | _aLa eutanasia entre el acortamiento de la vida y el apoyo a morir: experiencias del pasado, retos del presente | |
| 653 | _aEtica y justicia en la distribucion de recursos en salud | ||
| 653 | _aSida: perspectiva historica y panorama contemporaneo | ||
| 700 | 1 |
_aVon Engelhardt, Dietrich _eEd. _93182 |
|
| 700 | 1 |
_aMainetti, Jose Alberto _eEd. _9962 |
|
| 700 | 1 |
_aCataldi Amatriain, Roberto _eEd. _93183 |
|
| 700 | 1 |
_aMeyer, Luisa _eEd. _93184 |
|
| 942 |
_2ddc _cBK |
||
| 999 |
_c2350 _d2350 |
||